Actor Movie Chain: 1980s Quiz Stats

 Plays Quiz Updated Oct 25, 2019

Score 0/24 Timer 05:00
5 Plays Today
% Correct
Rain Man
91.2%
Back to the Future
87.9%
Ghostbusters
84.9%
Beverly Hills Cop
80.9%
Aliens
79.3%
Field of Dreams
78.2%
Raiders of the Lost Ark
76.3%
The Terminator
70.7%
Blade Runner
63.8%
Trading Places
62.1%
Fast Times at Ridgemont High
59.6%
The Untouchables
59%
% Correct
Stripes
56.6%
Tango & Cash
51.4%
Clue
51.2%
Conan the Barbarian
49.1%
Cocoon
42.6%
The Great Outdoors
34.1%
Scrooged
33%
The Thing
28.3%
Legend
28.2%
Casualties of War
21%
Nighthawks
10.4%
Family Business
8.5%

You're not logged in!

Compare scores with friends on all Sporcle quizzes.
OR
Log In

Sporcle TV

Today on Sporcle TV


Watch our educational content, quiz creation guides, and fun videos on Sporcle TV.

Show Comments

Extras

Top Quizzes Today


Score Distribution

Your Account Isn't Verified!

In order to create a playlist on Sporcle, you need to verify the email address you used during registration. Go to your Sporcle Settings to finish the process.

Report this User

Report this user for behavior that violates our Community Guidelines.

Details: